Sports Quiz

Random Sports or NBA Quiz
Score 0/68 Timer 06:00
53 Plays Today
Year Player % Correct
2006Kobe Bryant
98.5%
2001Kobe Bryant
98.5%
2002Kobe Bryant
98.5%
2003Kobe Bryant
98.5%
2005Kobe Bryant
98.5%
2007Kobe Bryant
98.5%
2008Kobe Bryant
98.5%
2009Kobe Bryant
98.5%
2006Lebron James
97.2%
2008Lebron James
97.2%
2005Lebron James
97.2%
2007Lebron James
97.2%
2009Lebron James
97.2%
2001Shaquille O'Neal
90.4%
2002Shaquille O'Neal
90.4%
2003Shaquille O'Neal
90.4%
2000Shaquille O'Neal
90.4%
2006Allen Iverson
89.4%
2001Allen Iverson
89.4%
2002Allen Iverson
89.4%
2003Allen Iverson
89.4%
2004Allen Iverson
89.4%
2005Allen Iverson
89.4%
2007Allen Iverson
89.4%
2008Allen Iverson
89.4%
2000Allen Iverson
89.4%
2006Dwyane Wade
88%
2007Dwyane Wade
88%
2009Dwyane Wade
88%
2009Kevin Durant
83%
2001Paul Pierce
80.2%
2002Paul Pierce
80.2%
2003Paul Pierce
80.2%
2006Paul Pierce
80.2%
Year Player % Correct
2007Paul Pierce
80.2%
2002Tim Duncan
80.1%
2006Carmelo Anthony
79.5%
2007Carmelo Anthony
79.5%
2008Carmelo Anthony
79.5%
2003Tracy McGrady
79.2%
2001Tracy McGrady
79.2%
2002Tracy McGrady
79.2%
2004Tracy McGrady
79.2%
2005Tracy McGrady
79.2%
2007Ray Allen
76.5%
2006Ray Allen
76.5%
2003Dirk Nowitzki
75.2%
2005Dirk Nowitzki
75.2%
2006Dirk Nowitzki
75.2%
2009Dirk Nowitzki
75.2%
2001Vince Carter
70.4%
2005Vince Carter
70.4%
2007Vince Carter
70.4%
2000Vince Carter
70.4%
2005Amare Stoudemire
54.5%
2008Amare Stoudemire
54.5%
2005Gilbert Arenas
51%
2006Gilbert Arenas
51%
2007Gilbert Arenas
51%
2007Yao Ming
50.4%
2007Joe Johnson
49.6%
2000Karl Malone
46.9%
2001Chris Webber
40.2%
2006Michael Redd
37.4%
2007Michael Redd
37.4%
2001Jerry Stackhouse
32.1%
2009Danny Granger
28.7%
2000Grant Hill
28%
Remove Ads.
Support Sporcle.
Get the best of Sporcle when you Go Orange. This ad-free experience offers more features, more stats, and more fun while also helping to support Sporcle. Thank you for becoming a member.

You're not logged in!

Compare scores with friends on all Sporcle quizzes.
OR
Log In

Show Comments

Extras

Top Quizzes Today


Score Distribution

Your Account Isn't Verified!

In order to create a playlist on Sporcle, you need to verify the email address you used during registration. Go to your Sporcle Settings to finish the process.

Report this User

Report this user for behavior that violates our Community Guidelines.

Details: